| 000 | 01788nam0a2200277 i 4500 | ||
|---|---|---|---|
| 001 | RU\NLR\bibl\1986428 | ||
| 005 | 20241102054619.0 | ||
| 021 |
_aRU _b2012-97362 _97198 |
||
| 035 | _a(NLR Aleph) 001975040 | ||
| 090 |
_a4009545 _c4009545 |
||
| 100 | _a20130111d2012 u y0rusy50 ca | ||
| 101 | 0 | _arus | |
| 102 | _aRU | ||
| 105 | _aa ||||||||| | ||
| 200 | 1 |
_aРазрушение горных пород при проведении геологоразведочных работ _eучебное пособие для студентов высших учебных заведений, обучающихся по специальности 130203 "Технология и техника разведки месторождений полезных ископаемых" направления подготовки 130200 "Технологии геологической разведки" _fВ.В. Нескоромных _gМ-во образования и науки Рос. Федерации, Сиб. федерал. ун-т, [Ин-т горного дела, геологии и геотехнологий] |
|
| 210 |
_aКрасноярск _cСФУ _d2012 |
||
| 215 |
_a298 с. _cил. _d20 |
||
| 320 | _aБиблиогр.: с. 292-294 (40 назв.) | ||
| 606 |
_aГорные породы _jУчебные издания для высших учебных заведений _xРазрушение при разведочном бурении _91237527 _3RU\NLR\auth\66187707 |
||
| 686 | _aД443.57,1я73 | ||
| 700 | 1 |
_4070 _7ca _8rus _aНескоромных _bВ. В. _f1958- _gВячеслав Васильевич _9184774 _3RU\NLR\AUTH\770184825 |
|
| 801 | 0 |
_aRU _bNLR _c20130111 _gRCR |
|
| 801 | 1 |
_aRU _bNLR _c20130111 |
|
| 942 | _cBOOK | ||
| 980 | _aNBR | ||